Game of Thrones Actors By Other Roles - Statistics

General Stats
  • This quiz has been taken 62 times
    44 since last reset
  • The average score is 16 of 72
Answer Stats
Year Character Name Movie/Show Title Actor/GoT Character % Correct
2018 Arthur Curry/Aquaman Aquaman Jason Mamoa (Khal Drogo)
82%
2023 Ellie Williams The Last of Us Bella Ramsey (Lyanna Mormont)
79%
2001 Argus Filch Harry Potter and the Philosopher's Stone David Bradley (Walder Frey)
68%
2001 Boromir The Lord of the Rings: The Fellowship of the Ring Sean Bean (Eddard Stark)
66%
2007 Nymphadora Tonks Harry Potter and the Order of the Phoenix Natalia Tena (Osha)
58%
2019 The Mandalorian The Mandalorian Pedro Pascal (Oberyn Martell)
55%
2016 Jean Grey/Pheonix X-Men: Apocalypse Sophie Turner (Sansa Stark)
55%
2022 Principal Larissa Weems Wednesday Gwendoline Christie (Brienne of Tarth)
47%
2010 Mrs. Granger Harry Potter and the Deathly Hallows: Part 1 Michelle Fairley (Catelyn Stark)
45%
2015 Sarah Connor Terminator Genisys Emilia Clarke (Danaerys Targaryen)
42%
2021 Ikaris Eternals Richard Madden (Robb Stark)
42%
2014 Milo Pompeii Kit Harington (Jon Snow)
39%
2017 Aberama Gold Peaky Blinders Aiden Gillian (Petyr "Littlefinger" Baelish)
34%
2019 Luther Hargreeves The Umbrella Academy Tom Hopper (Dickon Tarly)
34%
2006 Queen Gorgo 300 Lena Headey (Cersei Lannister)
32%
2021 Dmitri Stranger Things Tom Wlaschiha (Jaqen H'ghar)
32%
2014 Iosef Tarasov John Wick Alfie Allen (Theon Greyjoy)
29%
2019 Lance Corporal Blake 1917 Dean-Charles Chapman (Tommen Baratheon)
26%
2005 Little Boy Batman Begins Jack Gleeson (Joffrey Baratheon)
26%
2020 Rahne "Wolfsbane" Sinclair The New Mutants Maisie Williams (Arya Stark)
26%
2015 Ramsey Furious 7 Nathalie Emmanuel (Missandei)
26%
2007 Cassie Ainsworth Skins Hannah Murray (Gilly)
24%
2001 Roland A Knight's Tale Mark Addy (King Robert Baratheon)
24%
2012 Mycroft Holmes Sherlock Mark Gatiss (Tycho Nestoris)
24%
2003 Miles Finch Elf Peter Dinklage (Tyrion Lannister)
24%
2019 Jurgen the Brutal Jumanjii: The Next Level Rory McCann (Sandor "The Hound" Clegane)
24%
2003 Sam Love Actually Thomas Brodie-Sangster (Jojen Reed)
24%
1965 Emma Peel The Avengers Diana Rigg (Olenna Tyrell)
21%
2014 Jack/Frank Randall Outlander Tobias Menzies (Edmure Tully)
21%
2014 Commander Denniston The Imitation Game Charles Dance (Tywin Lannister)
18%
2019 Catherine of Aragon The Spanish Princess Charlotte Hope (Myranda)
18%
2005 Gaius Julius Caesar Rome Ciarán Hinds (Mance Rayder)
18%
2020 Rebecca Welton Ted Lasso Hannah Waddingham (Septa Unella)
18%
1997 Elliot Carver 007: Tomorrow Never Dies Jonathan Pryce (The High Sparrow)
18%
2010 Solon Clash of the Titans Liam Cunningham (Davos Seaworth)
18%
2004 Dr. Isaacs Resident Evil: Apocalypse Iain Glenn (Jorah Mormont)
16%
2007 Chris Skins Joe Dempsie (Gendry)
16%
2022 K.C. Houseman Moonfall John Bradley (Samwell Tarly)
16%
2003 Ragetti Pirates of the Caribbean Mackenzie Crook (Orell)
16%
2017 Danny Rand Iron Fist Finn Jones (Loras Tyrell)
13%
1989 Walter Donovan Indiana Jones and the Last Crusade Julian Glover (Maester Pycelle)
13%
2011 Ingrid Jonker Black Butterflies Carice van Houten (Melisandre)
11%
2020 Miss Taylor/Mrs. Weston Emma. Gemma Whelan (Yara Greyjoy)
11%
2011 Richard Mason Jane Eyre Harry Lloyd (Viserys Targaryen)
11%
2019 Piety Breakspear Carnival Row Indira Varma (Ellaria Sand)
11%
2021 Jasper Cruella Joel Fry (Hizdahr zo Loraq)
11%
2021 Queen The Green Knight Kate Dickie (Lysa Arryn)
11%
2022 Wee John Feeney Our Flag Means Death Kristian Nairn (Hodor)
11%
2011 Jonas The Thing Kristofer Hivju (Tormund Giantsbane)
11%
2018 Mrs. Appleyard Picnic At Hanging Rock Natalie Dormer (Margaery Tyrell)
11%
2020 Domovoi Butler Artemis Fowl Nonso Anozie (Xaro Xhoan Daxos)
11%
2018 Rick Ready Player One Ralph Ineson (Dagmer Cleftjaw)
11%
2001 Charles Harker Spy Game Stephen Dillane (Stannis Baratheon)
11%
1993 Doctor Bashir Star Trek: Deep Space Nine Alexander Siddig (Doran Martell)
8%
2009 Brockman Whatever Works Conleth Hill (Varys the Spider)
8%
2019 Zharkov Chernobyl Donald Sumpter (Maester Luwin)
8%
2018 Jane Osbourne Vanity Fair Ellie Kendrick (Meera Reed)
8%
2015 Charles Manson Aquarius Gethin Anthony (Renly Baratheon)
8%
2017 Mick Mars The Dirt Iwan Rheon (Ramsay Bolton)
8%
1995 Campbell Braveheart James Cosmo (Jeor Mormont)
8%
2002 Boss Tweed Gangs of New York Jim Broadbent (Archmaester Ebrose)
8%
2019 Arthur Hellboy Mark Stanley (Grenn)
8%
2014 Cal Morrison Orphan Black Michael Huisman (Daario Naharis)
8%
2015 Young Ruth The Longest Ride Oona Chaplin (Talisa Maegyr)
8%
2019 Headmaster Gilson Tolkien Owen Teale (Alliser Thorne)
8%
2013 Paolo Orsini The Borgias Pilou Asbæk (Euron Greyjoy)
8%
2017 Maia Rindell The Good Fight Rose Leslie (Ygritte)
8%
2017 Jack's Eye King Arthur: Legend of the Sword Michael McElhatton (Roose Bolton)
5%
2013 Sykes Oblivion Nikolaj Coster-Waldeau (Jaime Lannister)
5%
2020 Fraser Walker COBRA Richard Dormer (Beric Dondarrion)
5%
2016 General Dodonna Rogue One: A Star Wars Story Ian McElhinney (Barristan Selmy)
3%
2019 Berrada John Wick: Chapter 3 - Parabellum Jerome Flynn (Bronn)
3%
No matching quizzes found
Score Distribution
Percent of People with Each Score
Percentile by Number Answered
Your Score History
You have not taken this quiz since the last reset